Ombudsmen serve up quality controls (Record no. 76617)
[ view plain ]
| 000 -LEADER | |
|---|---|
| fixed length control field | 01224cab a2200205 4500 |
| 001 - CONTROL NUMBER | |
| control field | ##L132769 |
| 008 - FIXED-LENGTH DATA ELEMENTS--GENERAL INFORMATION | |
| fixed length control field | 060307n2006 000 0 eng u |
| 035 ## - SYSTEM CONTROL NUMBER | |
| System control number | (Sirsi) u132769 |
| 041 0# - LANGUAGE CODE | |
| Language code of text/sound track or separate title | eng |
| 100 1# - MAIN ENTRY--PERSONAL NAME | |
| Personal name | Dewar, David |
| 245 00 - TITLE STATEMENT | |
| Title | Ombudsmen serve up quality controls |
| 260 ## - PUBLICATION, DISTRIBUTION, ETC. | |
| Date of publication, distribution, etc. | 2006 |
| 490 #0 - SERIES STATEMENT | |
| Series statement | Planning (for the Natural and Built Environment) |
| Volume/sequential designation | (1658) 3 March 2006 14-15(2) |
| 520 ## - SUMMARY, ETC. | |
| Summary, etc. | Investigates the important role of the commissioners for local administration or ombudsmen in ensuring that planning decisions are properly arrived at. In respect of planning they examine the administrative process rather than pass judgement on the quality of planning decisions and their primary role is to look into complaints of maladministration. The volume of their workload has grown steadily to nearly 18 700 cases per year with over 4 300 planning complaints in 2004-05. Concludes that the role of the ombudsman remains crucial in driving up standards in planning. Tables cover complaints and outcomes and planning cases by subject. |
| 590 ## - LOCAL NOTE (RLIN) | |
| Local note | IKA140306 |
| 650 24 - SUBJECT ADDED ENTRY--TOPICAL TERM | |
| Topical term or geographic name entry element | LOCAL GOVERNMENT OMBUDSMAN |
| 650 24 - SUBJECT ADDED ENTRY--TOPICAL TERM | |
| Topical term or geographic name entry element | COMMISSIONER FOR LOCAL ADMINISTRATION |
| 690 ## - LOCAL SUBJECT ADDED ENTRY--TOPICAL TERM (OCLC, RLIN) | |
| Topical term or geographic name as entry element | Planning and development |
| 9 (RLIN) | 6259 |
| 942 ## - ADDED ENTRY ELEMENTS (KOHA) | |
| Suppress in OPAC | 0 |
| Withdrawn status | Lost status | Source of classification or shelving scheme | Damaged status | Not for loan | Home library | Current library | Shelving location | Date acquired | Total Checkouts | Full call number | Barcode | Date last seen | Copy number | Price effective from | Koha item type |
|---|---|---|---|---|---|---|---|---|---|---|---|---|---|---|---|
| Dewey Decimal Classification | London | London | Journal article | 07/03/2006 | L132769 | 132769-1001 | 06/08/2019 | 1 | 06/08/2019 | Journal article |